| 000 | 00335nam a22001457a 4500 | ||
|---|---|---|---|
| 003 | SGT | ||
| 082 |
_a617.7 _bK16B |
||
| 100 | _aBOWLING, BRAD | ||
| 245 | _aKANSKI'S CLINICAL OPHTHALMOLOGY A SYSTEMATIC APPROACH | ||
| 250 | _a8TH | ||
| 260 |
_aINDIA _bELSEVIER _c2016 |
||
| 300 | _a917 | ||
| 650 | _aOPHTHALMOLOGY | ||
| 942 |
_2ddc _cBK |
||
| 999 |
_c10544 _d10544 |
||